The king's dictionary : (Record no. 22459)
[ view plain ]
| 000 -LEADER | |
|---|---|
| fixed length control field | 01387nam a2200217 4500 |
| 008 - FIXED-LENGTH DATA ELEMENTS--GENERAL INFORMATION | |
| fixed length control field | 050208s2000 ne bd 001 0 eng |
| 020 ## - INTERNATIONAL STANDARD BOOK NUMBER | |
| International Standard Book Number | 9004117695 :USD62.36/Php3467.22 |
| 090 ## - LOCALLY ASSIGNED LC-TYPE CALL NUMBER (OCLC); LOCAL CALL NUMBER (OCLC) | |
| Classification number (OCLC) (R) ; Classification number, CALL (RLIN) (NR) | P361 |
| Local cutter number (OCLC) ; Book number/undivided call number, CALL (RLIN) | R18 |
| 130 0# - MAIN ENTRY--UNIFORM TITLE | |
| Uniform title | Rasûlid Hexaglot. |
| Language of a work | English & Arabic. |
| 245 14 - TITLE STATEMENT | |
| Title | The king's dictionary : |
| Remainder of title | the Rasûlid Hexaglot--fourteenth century vocabularies in Arabic, Persian, Turkic, Greek, Armenian, and Mongol / |
| Statement of responsibility, etc | translated by Tibor Halasi-Kun ... [et al.] ; with introductory essays by Peter B. Golden and Thomas T. Allsen ; edited with notes and commentary by Peter B. Golden. |
| 260 ## - PUBLICATION, DISTRIBUTION, ETC. (IMPRINT) | |
| Place of publication, distribution, etc | Leiden ; |
| -- | Boston : |
| Name of publisher, distributor, etc | Brill, |
| Date of publication, distribution, etc | 2000. |
| 300 ## - PHYSICAL DESCRIPTION | |
| Extent | xii, 418 p., [22] p. of plates ; |
| Dimensions | 25 cm. |
| 490 1# - SERIES STATEMENT | |
| Series statement | Handbuch der Orientalistik. Achte Abteilung, Zentralasien ; |
| Volume number/sequential designation | 4. Bd. |
| 500 ## - GENERAL NOTE | |
| General note | This version contains only the Arabic (script and transliteration) and the English translation; separate versions are planned to cover the remaining languages, Persian, Turkic, Greek, Armenian, and Mongol which are part of the Hexaglot. |
| 504 ## - BIBLIOGRAPHY, ETC. NOTE | |
| Bibliography, etc | Includes bibliographical references (p. [329]-334) and indexes. |
| 650 #4 - SUBJECT ADDED ENTRY--TOPICAL TERM | |
| Topical term or geographic name as entry element | Polyglot glossaries, phrase books, etc. |
| 951 ## - EQUIVALENCE OR CROSS-REFERENCE-GEOGRAPHIC NAME/AREA NAME [OBSOLETE] [CAN/MARC only] | |
| General subdivision | 00030472 |
| 700 1# - ADDED ENTRY--PERSONAL NAME | |
| Personal name | Golden, Peter B. |
| 700 1# - ADDED ENTRY--PERSONAL NAME | |
| Personal name | Halasi-Kun, Tibor, |
| Dates associated with a name | 1914- |
| 830 #0 - SERIES ADDED ENTRY--UNIFORM TITLE | |
| Uniform title | Handbuch der Orientalistik. |
| Number of part/section of a work | Achte Abteilung, |
| Name of part/section of a work | Handbook of Uralic studies ; |
| Volume number/sequential designation | v. 4. |
| 951 ## - EQUIVALENCE OR CROSS-REFERENCE-GEOGRAPHIC NAME/AREA NAME [OBSOLETE] [CAN/MARC only] | |
| -- | 28115 |
| -- | P361/R18 |
| -- | 070613111438921 |
| -- | 2000-12-21 |
| -- | REF |
| Withdrawn status | Lost status | Damaged status | Not for loan | Home library | Current library | Shelving location | Date acquired | Accession number | Shelving control number | Total Checkouts | Full call number | Barcode | Date last seen | Price effective from | Koha item type |
|---|---|---|---|---|---|---|---|---|---|---|---|---|---|---|---|
| BSOP Library | BSOP Library | Reference | 12/21/2000 | 28115 | 127 | P361/R18 | 00030472 | 02/23/2013 | 02/23/2013 | Books |
